00941nam a22002537a 450000500170000000800410001704000090005804100080006708200220007510000250009724500320012226000380015430000280019236500560022052001880027665000140046465000170047865000370049565000360053265000200056865000360058865000330062465000300065720250726100132.0220411b ||||| |||| 00| 0 eng d cAloy aeng 223a338.954bGOWC aH R Krishnaiah Gowda aContemporary Indian economy aMysorebSpandana Prakashanac2022 aviii,311pbPBc21x13 cm 2Economicsa49b192.00c₹d240.00e20%f12-04-2022 aContemporary Indian Economy written according to the syllabi BA Ist semester classes and 2nd semester Open Ellective Paper of all universities in Karnataka under new Education Policy. aEconomics aLPG Policies aEconomic Reforms and Agriculture aIndustry Business Fiscal Policy aMonetary Policy aMoney Market and Capital Market aForeign Trade and Investment aNEP I SEM BA , II SEM OEP